English Language and Communication Skills for Engineers: (Record no. 182524)

MARC details
000 -LEADER
fixed length control field 00729nam a22001937a 4500
005 - DATE AND TIME OF LATEST TRANSACTION
control field 20211118134922.0
010 ## - LCCN (DPL NO)
LC control number ENG-130110
020 ## - INTERNATIONAL STANDARD BOOK NUMBER
International Standard Book Number 978-81-927088-2-9
Terms of availability 199.00
035 ## - SYSTEM CONTROL NUMBER
System control number EN-1136412
037 ## - SOURCE OF ACQUISITION
Source of stock number/acquisition DBAD/PUB
082 ## - DEWEY DECIMAL CLASSIFICATION NUMBER
Classification number 485
100 ## - MAIN ENTRY--PERSONAL NAME
Personal name Lakshmi, B. Anand
245 ## - TITLE STATEMENT
Title English Language and Communication Skills for Engineers:
Statement of responsibility, etc B. Anand Lakshmi, P. B. Esther Rani, Naidu Jayashree
250 ## - EDITION STATEMENT
Edition statement 2018
260 ## - PUBLICATION, DISTRIBUTION, ETC. (IMPRINT)
Place of publication, distribution, etc Hyderabad
Name of publisher, distributor, etc Spectrum Educational Books
Date of publication, distribution, etc 2018
270 ## - ADDRESS
Address 326/C, 1st Floor Surneni Nilayam, Near B K Guda Park, S.R Nagar
City Hyderabad
Postal code 500 038
Telephone number 914023710657
Fax number +914023810657
300 ## - PHYSICAL DESCRIPTION
Extent x, 238p.
Dimensions 24cm (pbk)
Other physical details Summary, Review Questions, Exercises
942 ## - ADDED ENTRY ELEMENTS (KOHA)
Source of classification or shelving scheme Dewey Decimal Classification
Item type English Books
Classification part 485
Call number suffix LAK
Holdings
Withdrawn status Lost status Not for loan Collection code Home library Current library Date acquired Source of acquisition Cost, normal purchase price Full call number Barcode Copy number Cost, replacement price Koha item type
      Non-fiction Ashok Vihar Ashok Vihar 18/11/2021 DBAD/PUB 199.00 485 LAK EN-113642 1 199.00 English Books

© Delhi Public Library
Hit Counter
free hit counter